<?xml version="1.0" encoding="UTF-8"?>
<record
    xmlns:xsi="http://www.w3.org/2001/XMLSchema-instance"
    xsi:schemaLocation="http://www.loc.gov/MARC21/slim http://www.loc.gov/standards/marcxml/schema/MARC21slim.xsd"
    xmlns="http://www.loc.gov/MARC21/slim">

  <leader>00803nam a22001817a 4500</leader>
  <controlfield tag="003">UA-OsUOA</controlfield>
  <controlfield tag="001"> 18254 </controlfield>
  <controlfield tag="007">ta</controlfield>
  <controlfield tag="008">20040426b un ||||| |||| 00| 0 ukr d</controlfield>
  <datafield tag="100" ind1=" " ind2=" ">
    <subfield code="a">&#x425;&#x43C;&#x435;&#x43B;&#x435;&#x446;&#x44C;&#x43A;&#x438;&#x439; &#x41E;.</subfield>
  </datafield>
  <datafield tag="942" ind1=" " ind2=" ">
    <subfield code="c">SA</subfield>
  </datafield>
  <datafield tag="040" ind1=" " ind2=" ">
    <subfield code="a">UA-OsUOA</subfield>
    <subfield code="c">UA-OsUOA</subfield>
    <subfield code="d">UA-OsUOA</subfield>
  </datafield>
  <datafield tag="245" ind1=" " ind2=" ">
    <subfield code="a">&#x417;&#x435;&#x43C;&#x43B;&#x44F; &#x43F;&#x43E;&#x432;&#x438;&#x43D;&#x43D;&#x430; &#x434;&#x430;&#x432;&#x430;&#x442;&#x438; &#x43F;&#x440;&#x438;&#x431;&#x443;&#x442;&#x43E;&#x43A;</subfield>
    <subfield code="b">[&#x420;&#x43E;&#x437;&#x43C;&#x440;&#x432;&#x430; &#x437; &#x433;&#x43E;&#x43B;&#x43E;&#x432;&#x43E;&#x44E; &#x43A;&#x43E;&#x43C;&#x456;&#x441;&#x456;&#x457; &#x437; &#x43F;&#x438;&#x442;&#x430;&#x43D;&#x44C; &#x430;&#x440;&#x445;&#x456;&#x442;&#x435;&#x43A;&#x442;&#x443;&#x440;&#x438; , &#x431;&#x443;&#x434;&#x456;&#x432;&#x43D;&#x438;&#x446;&#x442;&#x432;&#x430; &#x442;&#x430; &#x437;&#x435;&#x43C;&#x43B;&#x435;&#x432;&#x43F;&#x43E;&#x440;&#x44F;&#x434;&#x43A;&#x443;&#x432;&#x430;&#x43D;&#x43D;&#x44F; &#x41E;.&#x425;&#x43C;&#x435;&#x43B;&#x435;&#x446;&#x44C;&#x43A;&#x438;&#x43C; &#x43F;&#x440;&#x43E; &#x437;&#x435;&#x43C;&#x435;&#x43B;&#x44C;&#x43D;&#x456; &#x43F;&#x438;&#x442;&#x430;&#x43D;&#x43D;&#x44F; , &#x44F;&#x43A;&#x456; &#x43E;&#x431;&#x433;&#x43E;&#x432;&#x43E;&#x440;&#x44E;&#x432;&#x430;&#x43B;&#x438;&#x441;&#x44F; &#x43D;&#x430; &#x441;&#x435;&#x441;&#x456;&#x457; &#x43C;&#x456;&#x441;&#x44C;&#x43A;. &#x440;&#x430;&#x434;&#x438;]</subfield>
  </datafield>
  <datafield tag="300" ind1=" " ind2=" ">
    <subfield code="a">&#x421;.4</subfield>
  </datafield>
  <datafield tag="955" ind1=" " ind2=" ">
    <subfield code="a">0</subfield>
  </datafield>
  <datafield tag="773" ind1="0" ind2=" ">
    <subfield code="w">0</subfield>
    <subfield code="t">&#x421;&#x456;&#x43C; &#x434;&#x43D;&#x456;&#x432;</subfield>
    <subfield code="d">&#x420;&#x456;&#x432;&#x43D;&#x435;</subfield>
    <subfield code="d">2004</subfield>
    <subfield code="g">&#x2116;15/ 9 &#x43A;&#x432;&#x456;&#x442;./</subfield>
  </datafield>
  <datafield tag="650" ind1=" " ind2="7">
    <subfield code="a">&#x417;&#x435;&#x43C;&#x435;&#x43B;&#x44C;&#x43D;&#x456; &#x432;&#x456;&#x434;&#x43D;&#x43E;&#x441;&#x438;&#x43D;&#x438;</subfield>
    <subfield code="2">UDC</subfield>
  </datafield>
  <datafield tag="999" ind1=" " ind2=" ">
    <subfield code="c">304424</subfield>
    <subfield code="d">304424</subfield>
  </datafield>
</record>
